000
00281nam a2200109Ia 4500
008
200302s9999 xx 000 0 und d
100
_a
Charles Jencks
245
_a
Towards Symbolic Architecture The Thematic House
260
_b
Academy Group. Ltd.
260
_c
1985
300
_a
248 P.,
999
_c
764
_d
764